|
|
|
|
| LEADER |
00703nam a22001931a 4500 |
| 020 |
|
|
|a 9780709929185
|
| 082 |
|
|
|a 362.308 805 4
|b WIL/B
|
| 245 |
|
|
|a Behaviour modification for people with mental handicaps/
|c by William Yule (ed.)
|
| 250 |
|
|
|a 2nd.
|
| 260 |
|
|
|a London:
|b Croom Helm,
|c 1987.
|
| 300 |
|
|
|a 356p.
|
| 650 |
|
|
|a Mental Handicapped Children
|9 92245
|
| 650 |
|
|
|a Behaviour Modifications
|9 92246
|
| 650 |
|
|
|a Social Service
|9 92247
|
| 700 |
|
|
|a William Yule (ed.)
|9 92248
|
| 700 |
|
|
|a Janet Carr (ed.)
|9 92249
|
| 942 |
|
|
|c REF
|
| 999 |
|
|
|c 4367
|d 4367
|
| 952 |
|
|
|0 0
|1 0
|4 0
|6 R_362_308000000000000_8054_WIL_B
|7 0
|9 6658
|a SSUS
|b SSUS
|d 2015-01-08
|g 0.00
|o R 362.308 8054 WIL/B
|p 004200
|r 2015-01-08
|v 0.00
|w 2015-01-08
|y REF
|